Statistiques concernant Rapide Typage 1 à 100

Cliquez ici pour prendre le quiz!

Statistiques générales

  • Ce quiz a été pris 124 fois
  • Le résultat moyen est 80 sur 100

Statistiques - réponses

#% Correct
1
100%
2
100%
3
99%
4
98%
5
98%
6
98%
7
98%
8
98%
9
98%
10
96%
11
96%
12
96%
13
96%
15
96%
14
95%
18
95%
16
94%
17
94%
20
94%
28
94%
32
94%
19
93%
22
93%
24
93%
25
93%
26
93%
27
93%
30
93%
31
93%
21
92%
23
92%
29
92%
34
92%
35
92%
37
92%
39
92%
41
92%
43
92%
33
90%
36
90%
38
90%
42
90%
40
89%
48
89%
50
89%
44
88%
45
88%
49
88%
55
88%
46
87%
47
87%
53
87%
51
86%
52
86%
54
85%
56
85%
57
82%
58
82%
63
80%
66
80%
60
79%
62
79%
59
77%
61
76%
64
76%
65
76%
67
71%
69
70%
70
70%
71
69%
73
69%
77
69%
68
68%
72
68%
74
68%
76
67%
75
65%
78
62%
81
61%
83
61%
88
61%
82
60%
79
58%
80
58%
84
58%
99
58%
100
54%
85
52%
90
52%
92
52%
87
51%
89
51%
94
51%
97
51%
98
51%
86
50%
93
50%
96
50%
91
49%
95
49%

Distribution des résultats

Percentile par nombre de réponses

% des personnes avec chaque résultat

Votre développement - résultats

Vous n’avez pas pris ce quiz